Ectetični koreljacii chudožn'ogo obrazu v poezii Fedora Lazorika : /spektral'nist' metafori v zbirci <<Snižni chrizantemi>>/

Bibliographic Details
Main Author: Džoganík, Jaroslav, 1964- (Author)
Format: Article
Language:Ukrainian

MARC

LEADER 00000nab a2200000ua 4500
001 vtls010808392
003 SK-MaSNL
005 20260303131728.0
008 230218s1993 xo |||||||||||||||||ukr|
035 |a (urnnbn)urn:nbn:sk:snk:ar-004kiw 
035 |a (uuid)36ab6e4e-fe34-4d08-9229-bd60c83e09e8 
035 |a urn:nbn:sk:snk-ab43x1 
040 |a SNKBUCL  |b slo  |c SNKBUCL  |e AACR2 
041 0 |a ukr 
044 |a xo  |c SK 
100 1 |a Džoganík, Jaroslav,  |d 1964-  |4 aut  |9 131884 
245 1 0 |a Ectetični koreljacii chudožn'ogo obrazu v poezii Fedora Lazorika :  |b /spektral'nist' metafori v zbirci <<Snižni chrizantemi>>/  |c Jaroslav Džoganik 
773 0 |t Duklja : literaturno-chudožnij ta hromads'ko-polityčnyj al'manach  |g Roč. 41, č. 4 (1993), s. 38-39 
958 |a OND 
958 |a EUIPO 
958 |a article3 
999 |c 1946621  |d 1948551